Kovové konstrukce: Navrhování prvků ocelových konstrukcí /

Saved in:
Bibliographic Details
Main Author: Pilgr, Milan (Author)
Format: Book
Language:Czech
Published: Brno: Akademické nakladatelství CERM, 2019
Edition:1. vyd.
Subjects:
Tags: Add Tag
No Tags, Be the first to tag this record!

MARC

LEADER 00000nam a22000003a 4500
001 0091856
003 SK-STU
005 20211130104619.1
007 ta
008 211130s ----xo-----e------000-0-----d
020 |a 978-80-7623-018-7 
040 |a STU  |b slo 
041 0 |a cze  |h cze 
044 |a xr 
100 1 |a Pilgr, Milan  |4 aut  |r Z6 
245 1 0 |a Kovové konstrukce:  |b Navrhování prvků ocelových konstrukcí /  |c aut. Milan Pilgr 
250 |a 1. vyd. 
260 |a Brno:  |b Akademické nakladatelství CERM,   |c 2019 
300 |a 700 s. 
650 0 7 |a kovové konštrukcie 
650 0 7 |a prierez 
650 0 7 |a hutné výrobky 
650 0 7 |a materiály 
650 0 7 |a kotvenie 
996 |b 284V037662  |c V* 53235/O-24395  |l VVT  |s A  |a 24  |w 0091856_0001